000 00935 a2200229 4500
005 20260330123318.0
008 260330b |||||||| |||| 00| 0 eng d
020 _a9789390136391 (hbk)
037 _cTB
040 _aAL
_cAL
041 _2hin
_ahin
084 _aV2:1949G.P 152R4
_qAL
100 _aदेसाई, विशाल
_91113742
245 _aभारत और दक्षिण एशिया राष्ट्र
260 _aनई दिल्ली, भारत:
_bसुमित एंटेरप्राइजेज,
_c2024.
300 _a282पृ.
365 _b1495.00
_cINR
650 _aभारत इतिहास
650 _aदक्षिण एशिया
_91232039
942 _cTB
_2CC
_hV2:1949G.P 152R4
999 _c1678674
_d1678674